| 000 | 00987nam a2200277 a 4500 | ||
|---|---|---|---|
| 001 | 000034989 | ||
| 005 | 20240509200458.0 | ||
| 008 | 111024s1936 sp 000 0 spa d | ||
| 040 |
_aDO-SdBNP _bspa _cBNPHU |
||
| 082 |
_a160 _bG216i |
||
| 100 | 1 |
_aGarcía Bacca, David, _d1901-1992 _960593 |
|
| 245 | 1 | 0 |
_aIntroducción a la lógica moderna / _cDavid García Baca. |
| 260 |
_aBarcelona : _bLabor, _c1936. |
||
| 300 |
_a251 p. ; _c19 cm. |
||
| 490 | 0 | _aBiblioteca de iniciación cultural | |
| 490 | 0 |
_aLabor. Sección 1 ; Ciencias filosóficas; _v383 |
|
| 504 | _aBibliografía: p. 245 | ||
| 510 | 0 | _aÍndice alfabético: p. 247-251 | |
| 590 | _aPerteneció a la biblioteca personal de Juan Isidro Jimenes Grullón. | ||
| 650 | 2 | 0 |
_aLógica _9332 |
| 830 | 0 |
_aBiblioteca de iniciación cultural _95276 |
|
| 830 | 0 |
_aLabor. Sección 1; Ciencias filosóficas; _n383 _960594 |
|
| 830 | 0 |
_aCiencias filosóficas _960595 |
|
| 910 | _aValidado. Control de calidad MFF | ||
| 049 | _aBNGR | ||
| 999 |
_c34480 _d34480 |
||